| 000 | 00613nam a22001937a 4500 | ||
|---|---|---|---|
| 999 |
_c157927 _d157927 |
||
| 005 | 20181010160707.0 | ||
| 010 | _aENG-124229 | ||
| 020 |
_a9789387164000 _c599.00 |
||
| 035 | _aEN-107761 | ||
| 037 | _bDBAD/PUB | ||
| 082 | _a305.697 | ||
| 100 | _aAzeem Ibrahim | ||
| 245 |
_aThe rohingyas: _cby Azeem Ibrahim _binside myanmar's hidden genocide / |
||
| 260 |
_aNew Delhi _bSpeaking Tiger _c2017 |
||
| 270 |
_a4381/4, Ansari Road, Daryaganj, _bNew Delhi _e110002 |
||
| 300 |
_axx,235p. _c22cm(pbk) _bill. |
||
| 500 | _aIt includes Notes, References and Index | ||
| 942 |
_2ddc _cEN _h305.697 _mAZE |
||